El sistema filiativo chileno: filiación biológica, por técnicas de reproducción asistida y por adopción
Guardado en:
| Autor principal: | |
|---|---|
| Formato: | Libro |
| Lenguaje: | español |
| Publicado: |
Santiago
Jurídica de Chile
2007
|
| Edición: | 1a. ed |
| Materias: | |
| Etiquetas: |
Agregar Etiqueta
Sin Etiquetas, Sea el primero en etiquetar este registro!
|
MARC
| LEADER | 00000nam a2200000 a 4500 | ||
|---|---|---|---|
| 001 | UCI3529 | ||
| 003 | CL-VaPUC | ||
| 005 | 20240402120828.0 | ||
| 008 | 071109e20070000CL |||||||||||||||||spa|d | ||
| 999 | |c 327682 |d 327680 | ||
| 020 | |a 9789561018075 | ||
| 040 | |c Pontificia Universidad Católica de Valparaíso | ||
| 082 | 0 | 4 | |a 346.015 |b GOM |2 21 |
| 100 | |a Gómez de la Torre Vargas, Maricruz |e autora |9 887671 | ||
| 245 | 1 | 3 | |a El sistema filiativo chileno: filiación biológica, por técnicas de reproducción asistida y por adopción |
| 250 | |a 1a. ed | ||
| 260 | |a Santiago |b Jurídica de Chile |c 2007 | ||
| 300 | |a 379 p | ||
| 583 | |a last modification |c 20071109 00:00:00 |k Rodrigo Vera | ||
| 650 | 0 | |a Derecho sucesorio |9 255015 | |
| 650 | 0 | |a Filiación |9 256647 | |
| 650 | 0 | |a Peternidad |9 254922 | |
| 650 | 0 | |a Patria potestad |9 369365 | |
| 650 | 7 | |a RELACIONES PADRES-HIJOS |2 CL-VaPUC |9 308185 | |
| 942 | |c BK |2 ddc | ||
| 945 | |d 20071109 00:00:00 |a jtorresc | ||
| 952 | |0 0 |1 0 |4 0 |6 346_015000000000000_GOM_2007 |7 0 |8 A |9 410859 |a BIBDER |b BIBDER |d 2019-11-22 |i 4386140 |l 17 |m 9 |o 346.015 GOM 2007 |p 4386140 |r 2024-06-19 |s 2024-06-19 |w 2019-11-22 |y BK |k DER | ||